Rozpomienky kňaza (1910-1953). /
Uložené v:
| Hlavný autor: | |
|---|---|
| Médium: | Kniha |
| Jazyk: | Slovak |
| Vydané: |
Nitra :
Kňazský seminár sv. Gorazda,
2000
|
| Vydanie: | 1. vyd. |
| Témy: | |
| ISBN: |
8088741343 (brož.) |
| Fyzický popis: |
294 s. |
| Tagy: |
Pridať tag
Žiadne tagy, Buďte prvý kto otaguje tento záznam!
|
Titul je dostupný aj v ... 

MARC
| LEADER | 00000nam a2200000 a 4500 | ||
|---|---|---|---|
| 001 | 000088310 | ||
| 003 | SVKK | ||
| 005 | 20010620000000.0 | ||
| 008 | 010515s2000 xo e sloo | ||
| 020 | |a 8088741343 (brož.) | ||
| 040 | |a SVKKK |b slo |c SVKKK |e AACR2 | ||
| 041 | 0 | |a slo | |
| 044 | |a xo |c SK | ||
| 080 | |a 929 Bernadič, F. |2 1997 | ||
| 080 | |a 262.14(437.6) |2 1997 | ||
| 100 | 1 | |a Bernadič, František |4 aut | |
| 245 | 1 | 0 | |a Rozpomienky kňaza (1910-1953). / |c František Bernadič |
| 250 | |a 1. vyd. | ||
| 260 | |a Nitra : |b Kňazský seminár sv. Gorazda, |c 2000 | ||
| 300 | |a 294 s. | ||
| 653 | 0 | |a Bernadič, František, 1910-1982 |2 SVKKKPH | |
| 653 | 0 | |a životopisy |2 SVKKKPH | |
| 655 | 7 | |a biografie |2 SVKKKPH | |
| 910 | |a svkkk | ||
| 919 | |a 80-88741-34-3 | ||
| 974 | |a UH |d 20010619 | ||
| 974 | |a KL |d 20010614 | ||
| 974 | |a MI |d 20010620 | ||
| 998 | |a BK | ||
| 090 | |g SCKHL |k Sklad Pribinova 2. posch. |a III.188856 |j 940169 |i 2720194158 |s Absenčne | ||